000 00305nam a22001337a 4500
008 170215b xxu||||| |||| 00| 0 eng d
020 _a9781418064112
041 _aeng
080 _26TH
_a61
100 _a4
101 _aSHM
245 _aADMINISTRATIVE MEDICAL ASSISTING
_cFORDNEY, M.T
942 _2udc
_cBK
999 _c5562
_d5562